[Event "POL-ch U18"]
[Site "Leba"]
[Date "2004.04.04"]
[Round "11"]
[White "Sypien, Mateusz"]
[Black "Caba, Tomasz"]
[Result "1/2-1/2"]
[WhiteElo "2194"]
[BlackElo "2121"]
[PlyCount "30"]
[EventDate "2004.03.27"]
[EventType "swiss"]
[EventRounds "11"]
[EventCountry "POL"]
[SourceTitle "EXT 2005"]
[Source "ChessBase"]
[SourceDate "2004.11.15"]
[SourceVersion "1"]
[SourceVersionDate "2004.11.15"]
[SourceQuality "1"]

1. c4 c5 2. Nc3 Nc6 3. g3 g6 4. Bg2 Bg7 5. d3 d6 6. e3 Nf6 7. Nge2 0-0 8. 0-0 Bd7 9. Rb1 a6 10. a3 Rb8 11. b4 cxb4 12. axb4 b5 13. cxb5 axb5 14. Bd2 Qb6 15. d4 Rfc8 1/2-1/2

[Event "POL-ch U18"]
[Site "Leba"]
[Date "2004.04.02"]
[Round "8"]
[White "Drzymala, Grzegorz"]
[Black "Caba, Tomasz"]
[Result "0-1"]
[WhiteElo "1931"]
[BlackElo "2121"]
[PlyCount "120"]
[EventDate "2004.03.27"]
[EventType "swiss"]
[EventRounds "11"]
[EventCountry "POL"]
[SourceTitle "EXT 2005"]
[Source "ChessBase"]
[SourceDate "2004.11.15"]
[SourceVersion "1"]
[SourceVersionDate "2004.11.15"]
[SourceQuality "1"]

1. e4 c5 2. Nf3 Nc6 3. d4 cxd4 4. Nxd4 g6 5. c4 Bg7 6. Be3 Nf6 7. Nc3 Ng4 8. Qxg4 Nxd4 9. Qd1 Ne6 10. Rc1 Qa5 11. Be2 b6 12. 0-0 Bb7 13. f3 g5 14. Rf2 h5 15. Bf1 Qe5 16. Rd2 Rd8 17. Nd5 Qb8 18. b4 Be5 19. h3 f6 20. c5 bxc5 21. bxc5 Bc6 22. Rb1 Qc8 23. Qc1 Kf7 24. Qa3 g4 25. Qxa7 gxf3 26. Nb6 Qc7 27. Qxc7 Bxc7 28. gxf3 Rhg8+ 29. Rg2 Nf4 30. Rxg8 Rxg8+ 31. Kf2 h4 32. a4 f5 33. Bxf4 Bxf4 34. Bb5 fxe4 35. Bxc6 e3+ 36. Ke2 Rg2+ 37. Kd3 dxc6 38. Nc4 Ra2 39. a5 e5 40. Re1 Ke6 41. Nxe3 Rxa5 42. Ke4 Ra4+ 43. Kd3 Ra5 44. Ng2 Bg3 45. Rc1 Ra2 46. Rc2 Rxc2 47. Kxc2 Kd5 48. Kd3 Kxc5 49. Ne3 Bf2 50. Nf5 Kd5 51. Ne7+ Kd6 52. Ng6 Bg3 53. Ke4 Ke6 54. f4 exf4 55. Nxf4+ Bxf4 56. Kxf4 Kd5 57. Ke3 Kc4 58. Kf4 Kd3 59. Kg4 c5 60. Kxh4 c4 0-1

[Event "POL-ch U18"]
[Site "Leba"]
[Date "2004.03.28"]
[Round "2"]
[White "Zarychta, Krzysztof"]
[Black "Caba, Tomasz"]
[Result "1-0"]
[WhiteElo "2199"]
[BlackElo "2121"]
[PlyCount "67"]
[EventDate "2004.03.27"]
[EventType "swiss"]
[EventRounds "11"]
[EventCountry "POL"]
[SourceTitle "EXT 2005"]
[Source "ChessBase"]
[SourceDate "2004.11.15"]
[SourceVersion "1"]
[SourceVersionDate "2004.11.15"]
[SourceQuality "1"]

1. e4 c5 2. Nf3 Nc6 3. d4 cxd4 4. Nxd4 g6 5. Nc3 Bg7 6. Be3 Nf6 7. Bc4 0-0 8. 0-0 d6 9. h3 Bd7 10. Bb3 Rc8 11. f4 Qa5 12. Nf3 Qh5 13. Qe1 b5 14. a3 h6 15. Rd1 Rfd8 16. Nh2 b4 17. axb4 Nxb4 18. Bxa7 Be6 19. Bxe6 fxe6 20. Bb6 g5 21. Bxd8 Rxd8 22. e5 Nfd5 23. exd6 Rxd6 24. Nxd5 Nxd5 25. fxg5 Qxg5 26. Nf3 Qf4 27. c3 Rb6 28. Rf2 Bf6 29. Re2 Nc7 30. Re4 Qf5 31. Qg3+ Kh7 32. Qxc7 Rxb2 33. Qf4 Qc5+ 34. Qe3 1-0

[Event "Augustow op"]
[Site "Augustow"]
[Date "2004.??.??"]
[Round "3"]
[White "Caba, Tomasz"]
[Black "Cherepov, Alexej"]
[Result "0-1"]
[WhiteElo "2138"]
[BlackElo "2271"]
[PlyCount "84"]
[EventDate "2004.08.??"]
[EventType "swiss"]
[EventRounds "9"]
[EventCountry "POL"]
[SourceTitle "EXT 2008"]
[Source "ChessBase"]
[SourceDate "2007.11.25"]
[SourceVersion "1"]
[SourceVersionDate "2007.11.25"]
[SourceQuality "1"]

1. e4 c5 2. Nf3 e6 3. d4 cxd4 4. Nxd4 Nc6 5. Nc3 Qc7 6. Be2 a6 7. 0-0 Nf6 8. Nxc6 bxc6 9. f4 d6 10. Bd3 Be7 11. Qe2 Nd7 12. Be3 Rb8 13. Rab1 Qa5 14. a3 c5 15. Bd2 Qb6 16. Kh1 Qc6 17. b3 Ra8 18. Rbe1 Bb7 19. Nd5 Bh4 20. Rd1 0-0 21. Qh5 Bd8 22. Bc3 f5 23. Rf3 Nf6 24. Bxf6 Bxf6 25. Rh3 h6 26. Bc4 Rf7 27. Ne3 Qxe4 28. Rxd6 Re8 29. Rf3 Bd4 30. Bd3 Qxf3 31. gxf3 Bxe3 32. Bxa6 g6 33. Qh3 Bxf4 34. Rb6 Bd5 35. Bc4 Bxc4 36. bxc4 Rd7 37. Qf1 Rd2 38. Qa1 Red8 39. Rb1 Rxh2+ 40. Kg1 Rdd2 41. Re1 Rhg2+ 42. Kh1 Rg5 0-1

[Event "Augustow op"]
[Site "Augustow"]
[Date "2004.??.??"]
[Round "8"]
[White "Caba, Tomasz"]
[Black "Probola, Bartosz"]
[Result "1-0"]
[WhiteElo "2138"]
[BlackElo "2075"]
[PlyCount "55"]
[EventDate "2004.08.??"]
[EventType "swiss"]
[EventRounds "9"]
[EventCountry "POL"]
[SourceTitle "EXT 2008"]
[Source "ChessBase"]
[SourceDate "2007.11.25"]
[SourceVersion "1"]
[SourceVersionDate "2007.11.25"]
[SourceQuality "1"]

1. e4 c5 2. Nf3 Nc6 3. d4 cxd4 4. Nxd4 g6 5. Nc3 Bg7 6. Nb3 Nf6 7. Be2 a5 8. a4 d6 9. 0-0 Be6 10. Re1 Rc8 11. Bf1 0-0 12. Bg5 Re8 13. Qd2 Nd7 14. Rad1 Nb6 15. Bb5 Nc4 16. Qc1 Rf8 17. Nd5 Bxd5 18. exd5 N6e5 19. c3 Bf6 20. Bh6 Bg7 21. Re2 e6 22. Bxg7 Kxg7 23. dxe6 fxe6 24. Nd4 Rf6 25. Bxc4 Rxc4 26. Rxe5 Qb6 27. Nxe6+ Kg8 28. Re2 1-0

[Event "Augustow op"]
[Site "Augustow"]
[Date "2004.??.??"]
[Round "7"]
[White "Szymanski, Piotr"]
[Black "Caba, Tomasz"]
[Result "1-0"]
[WhiteElo "2262"]
[BlackElo "2138"]
[PlyCount "93"]
[EventDate "2004.08.??"]
[EventType "swiss"]
[EventRounds "9"]
[EventCountry "POL"]
[SourceTitle "EXT 2008"]
[Source "ChessBase"]
[SourceDate "2007.11.25"]
[SourceVersion "1"]
[SourceVersionDate "2007.11.25"]
[SourceQuality "1"]

1. d4 d6 2. e4 g6 3. Nc3 Bg7 4. Be3 c6 5. Qd2 Nd7 6. f3 Qa5 7. Nge2 b5 8. g4 Nb6 9. b3 h5 10. g5 e6 11. Bg2 Ne7 12. 0-0 0-0 13. Nd5 Qxd2 14. Nxe7+ Kh7 15. Bxd2 Bb7 16. Bf4 Rad8 17. c4 Rfe8 18. Nxg6 fxg6 19. cxb5 cxb5 20. Rac1 Re7 21. Be3 Rf7 22. Rc2 b4 23. Rfc1 Ba6 24. Kf2 Rdd7 25. Ke1 Bd3 26. Rd2 Ba6 27. Nf4 Rde7 28. Nd3 Rc7 29. Rxc7 Rxc7 30. Nxb4 Bb5 31. Rc2 Rf7 32. a4 Be8 33. Na6 d5 34. Rc7 e5 35. dxe5 Bxe5 36. Rxf7+ Bxf7 37. f4 Bc3+ 38. Bd2 Bxd2+ 39. Kxd2 dxe4 40. Nc5 Nd5 41. Bxe4 Nxf4 42. h4 Kg7 43. Ke3 Ne6 44. Nxe6+ Bxe6 45. b4 Bb3 46. a5 Bc4 47. Kd4 1-0

[Event "POL-ch U16"]
[Site "Krynica"]
[Date "2003.??.??"]
[Round "1"]
[White "Caba, Tomasz"]
[Black "Goszczynski, Andrzej"]
[Result "1-0"]
[WhiteElo "2220"]
[BlackElo "2025"]
[PlyCount "40"]
[EventDate "2003.??.??"]
[EventType "swiss"]
[EventRounds "11"]
[EventCountry "POL"]
[SourceTitle "EXT 2007"]
[Source "ChessBase"]
[SourceDate "2006.11.23"]
[SourceVersion "1"]
[SourceVersionDate "2006.11.23"]
[SourceQuality "1"]

1. e4 c5 2. Nf3 e6 3. d4 cxd4 4. Nxd4 a6 5. c4 Nf6 6. Nc3 Bb4 7. Bd3 Nc6 8. Nde2 d5 9. exd5 exd5 10. cxd5 Nxd5 11. 0-0 Nxc3 12. Nxc3 Be6 13. Qe2 0-0 14. Qe4 g6 15. Bc4 Re8 16. Bf4 Qf6 17. Bd5 Bxc3 18. Bxc6 Bd7 19. Qc4 Bxc6 20. bxc3 Re4 1-0

[Event "POL-ch U16"]
[Site "Krynica"]
[Date "2003.??.??"]
[Round "6"]
[White "Ejsmont, Krzysztof"]
[Black "Caba, Tomasz"]
[Result "1/2-1/2"]
[WhiteElo "2100"]
[BlackElo "2220"]
[PlyCount "57"]
[EventDate "2003.??.??"]
[EventType "swiss"]
[EventRounds "11"]
[EventCountry "POL"]
[SourceTitle "EXT 2007"]
[Source "ChessBase"]
[SourceDate "2006.11.23"]
[SourceVersion "1"]
[SourceVersionDate "2006.11.23"]
[SourceQuality "1"]

1. e4 c5 2. Nf3 Nc6 3. Nc3 g6 4. d4 cxd4 5. Nxd4 Bg7 6. Be3 Nf6 7. Bc4 0-0 8. Bb3 a5 9. f3 d5 10. Bxd5 Nxd5 11. Nxd5 f5 12. Nxc6 bxc6 13. Nb6 Rb8 14. Qxd8 Rxd8 15. Rd1 Rxd1+ 16. Kxd1 Bxb2 17. Nxc8 Rxc8 18. Ke2 fxe4 19. fxe4 Be5 20. Rb1 Bxh2 21. Rb6 Bd6 22. Ra6 Bb4 23. Bb6 Kf7 24. Bxa5 Bd6 25. Bc3 Ke6 26. a4 Bc5 27. Kd3 h5 28. Kc4 Be3 29. Bd4 1/2-1/2

[Event "POL-ch U16"]
[Site "Krynica"]
[Date "2003.??.??"]
[Round "4"]
[White "Kulczyk, Pawel"]
[Black "Caba, Tomasz"]
[Result "1-0"]
[WhiteElo "2095"]
[BlackElo "2220"]
[PlyCount "73"]
[EventDate "2003.??.??"]
[EventType "swiss"]
[EventRounds "11"]
[EventCountry "POL"]
[SourceTitle "EXT 2007"]
[Source "ChessBase"]
[SourceDate "2006.11.23"]
[SourceVersion "1"]
[SourceVersionDate "2006.11.23"]
[SourceQuality "1"]

1. d4 g6 2. c4 Bg7 3. Nf3 c5 4. d5 e6 5. e4 d6 6. Be2 Nf6 7. Nc3 0-0 8. 0-0 exd5 9. cxd5 Re8 10. Qc2 Na6 11. Bg5 Nc7 12. Rfe1 h6 13. Bc1 Rb8 14. a4 a6 15. a5 b5 16. axb6 Rxb6 17. Nd2 Nb5 18. Nc4 Nd4 19. Qd3 Rb4 20. Ra2 Bf8 21. Be3 Nb5 22. f4 Nd7 23. Na4 Nc7 24. Bd2 Rb8 25. Ba5 Bb7 26. Bf3 Qc8 27. e5 Ba8 28. Raa1 Kh7 29. Nc3 Nb5 30. Ne4 Kg7 31. Bc3 Nxc3 32. Nexd6 Qc7 33. Nxe8+ Rxe8 34. Qxc3 Bb7 35. d6 Qc8 36. e6+ Nf6 37. d7 1-0

[Event "POL-ch U16"]
[Site "Krynica"]
[Date "2003.??.??"]
[Round "10"]
[White "Tobys, Marcin"]
[Black "Caba, Tomasz"]
[Result "0-1"]
[WhiteElo "2100"]
[BlackElo "2220"]
[PlyCount "102"]
[EventDate "2003.??.??"]
[EventType "swiss"]
[EventRounds "11"]
[EventCountry "POL"]
[SourceTitle "EXT 2007"]
[Source "ChessBase"]
[SourceDate "2006.11.23"]
[SourceVersion "1"]
[SourceVersionDate "2006.11.23"]
[SourceQuality "1"]

1. e4 c5 2. Nf3 g6 3. d4 Bg7 4. Nc3 cxd4 5. Nxd4 Nc6 6. Be3 Nf6 7. f3 0-0 8. Bc4 Qb6 9. Qd2 Nxe4 10. Nxe4 Bxd4 11. Bxd4 Qxd4 12. Qxd4 Nxd4 13. 0-0-0 Nc6 14. h4 Ne5 15. Bb3 h5 16. g4 hxg4 17. f4 Nc6 18. h5 Na5 19. Bd5 e6 20. hxg6 fxg6 21. Bb3 d5 22. Nd6 Rd8 23. Nb5 Bd7 24. Nd4 Kg7 25. Rde1 Nxb3+ 26. axb3 Rh8 27. Rhg1 Kf7 28. Re5 Rh4 29. Kd1 Rah8 30. Rg3 R8h5 31. Re2 g5 32. fxg5 Rxg5 33. Rf2+ Ke7 34. Nf3 Rh1+ 35. Kd2 Rg7 36. Ne5 Rh4 37. Rfg2 Kd6 38. Nxg4 e5 39. Ne3 Rxg3 40. Rxg3 Rh6 41. Rg5 b5 42. b4 d4 43. Nf1 Rf6 44. Ng3 Rf2+ 45. Kd1 Bc6 46. Rg6+ Kd5 47. Rh6 Bd7 48. Rh4 Rg2 49. Ne4 Bf5 50. Nd2 Bg4+ 51. Ke1 Re2+ 0-1

[Event "POL-ch U16"]
[Site "Krynica"]
[Date "2003.??.??"]
[Round "2"]
[White "Zwierzynski, Pawel"]
[Black "Caba, Tomasz"]
[Result "0-1"]
[WhiteElo "2015"]
[BlackElo "2220"]
[PlyCount "56"]
[EventDate "2003.??.??"]
[EventType "swiss"]
[EventRounds "11"]
[EventCountry "POL"]
[SourceTitle "EXT 2007"]
[Source "ChessBase"]
[SourceDate "2006.11.23"]
[SourceVersion "1"]
[SourceVersionDate "2006.11.23"]
[SourceQuality "1"]

1. e4 c5 2. c3 Nf6 3. e5 Nd5 4. Nf3 Nc6 5. d4 cxd4 6. cxd4 d6 7. exd6 Qxd6 8. Nc3 Bf5 9. Be3 g6 10. Be2 Bg7 11. 0-0 0-0 12. Qb3 Nxe3 13. fxe3 Bh6 14. Nb5 Qb4 15. Kf2 Qxb3 16. axb3 Nb4 17. g4 Bxg4 18. Ne1 Bxe2 19. Kxe2 Nd5 20. Ng2 a6 21. Nc3 Rfd8 22. Na4 Rac8 23. Rac1 e6 24. Nc5 Rc7 25. Kd2 e5 26. Ne4 Rxc1 27. Kxc1 exd4 28. Rd1 Nxe3 0-1

[Event "POL-ch sf"]
[Site "Lubniewice"]
[Date "2002.12.08"]
[Round "9"]
[White "Caba, Tomasz"]
[Black "Szoen, Dariusz"]
[Result "0-1"]
[WhiteElo "2197"]
[BlackElo "2262"]
[PlyCount "66"]
[EventDate "2002.11.30"]
[EventType "swiss"]
[EventRounds "9"]
[EventCountry "POL"]
[SourceTitle "CBM 091 Extra"]
[Source "ChessBase"]
[SourceDate "2003.01.09"]
[SourceVersion "1"]
[SourceVersionDate "2003.01.09"]
[SourceQuality "1"]

1. e4 c5 2. Nf3 d6 3. d4 cxd4 4. Nxd4 Nf6 5. Nc3 a6 6. h3 e5 7. Nde2 h5 8. g3 Nbd7 9. Bg2 b5 10. Bg5 Qc7 11. 0-0 Bb7 12. a3 Be7 13. Qd2 Rc8 14. Rad1 Bc6 15. g4 hxg4 16. hxg4 Qd8 17. Ng3 g6 18. Qe2 Nc5 19. Rd2 Ne6 20. Be3 Kf8 21. f4 exf4 22. Bxf4 Nxf4 23. Rxf4 Nd7 24. Rf1 Ne5 25. Qf2 Bg5 26. Rdd1 Rh7 27. Rfe1 Nxg4 28. Qd4 Bf4 29. Nh1 Qg5 30. Nf2 Nxf2 31. Qxf2 Bh2+ 32. Kf1 Bg3 33. Qd4 Qf4+ 0-1

[Event "POL-ch sf"]
[Site "Lubniewice"]
[Date "2002.12.05"]
[Round "6"]
[White "Owczarzak, Jerzy"]
[Black "Caba, Tomasz"]
[Result "1/2-1/2"]
[WhiteElo "2318"]
[BlackElo "2197"]
[PlyCount "80"]
[EventDate "2002.11.30"]
[EventType "swiss"]
[EventRounds "9"]
[EventCountry "POL"]
[SourceTitle "CBM 091 Extra"]
[Source "ChessBase"]
[SourceDate "2003.01.09"]
[SourceVersion "1"]
[SourceVersionDate "2003.01.09"]
[SourceQuality "1"]

1. e4 c5 2. Nf3 Nc6 3. d4 cxd4 4. Nxd4 g6 5. Nc3 Bg7 6. Be3 Nf6 7. Bc4 Qa5 8. 0-0 0-0 9. h3 d6 10. Bb3 Bd7 11. Qd2 Rfd8 12. Rad1 Rac8 13. Qe2 Nb4 14. g4 h5 15. f3 Na6 16. g5 Nh7 17. h4 Nf8 18. a3 Nc5 19. Ba2 Na4 20. Nxa4 Bxa4 21. Rd2 Bxd4 22. Bxd4 Bb5 23. c4 Bxc4 24. Bxc4 Rxc4 25. Bc3 Qc5+ 26. Kh1 Qc8 27. Kg2 b5 28. Ba5 Rd7 29. b3 Rc6 30. f4 e5 31. f5 Rb7 32. Bb4 Qd8 33. Rfd1 gxf5 34. Rxd6 Rxd6 35. Rxd6 Rd7 36. Rxd7 Qxd7 37. Bxf8 Kxf8 38. exf5 Qxf5 39. Qxh5 Qc2+ 40. Kg1 Qb1+ 1/2-1/2

[Event "POL-ch sf"]
[Site "Lubniewice"]
[Date "2002.12.01"]
[Round "2"]
[White "Caba, Tomasz"]
[Black "Gasik, Adam"]
[Result "1-0"]
[WhiteElo "2197"]
[BlackElo "1943"]
[PlyCount "81"]
[EventDate "2002.11.30"]
[EventType "swiss"]
[EventRounds "9"]
[EventCountry "POL"]
[SourceTitle "CBM 091 Extra"]
[Source "ChessBase"]
[SourceDate "2003.01.09"]
[SourceVersion "1"]
[SourceVersionDate "2003.01.09"]
[SourceQuality "1"]

1. e4 c5 2. Nf3 d6 3. d4 cxd4 4. Nxd4 Nf6 5. Nc3 a6 6. h3 e5 7. Nde2 b5 8. g4 Bb7 9. Bg2 b4 10. Nd5 Nxd5 11. exd5 Be7 12. Ng3 g6 13. Bh6 Bg5 14. Bxg5 Qxg5 15. Ne4 Qe7 16. g5 Nd7 17. Qd2 a5 18. a3 0-0 19. 0-0 f5 20. gxf6 Nxf6 21. Nxf6+ Qxf6 22. axb4 Ba6 23. Rfe1 axb4 24. Re4 b3 25. Rea4 bxc2 26. Qxc2 Rac8 27. Qd2 Bb5 28. Rb4 Bd7 29. Rb7 Qf5 30. Qe3 Rc2 31. Be4 Qxf2+ 32. Qxf2 Rcxf2 33. Rxd7 Rxb2 34. Rxd6 Rf4 35. Rd7 Rb8 36. Bg2 Rd4 37. Re7 h5 38. Rxe5 Kf7 39. Re6 Rb7 40. Rf1+ Kg7 41. Rff6 1-0

[Event "Podhale-ch 18th"]
[Site "Rabka Zdroj"]
[Date "2002.02.05"]
[Round "9"]
[White "Caba, Tomasz"]
[Black "Brylski, Pawel"]
[Result "1-0"]
[WhiteElo "2111"]
[BlackElo "2120"]
[PlyCount "69"]
[EventDate "2002.02.01"]
[EventType "swiss"]
[EventRounds "9"]
[EventCountry "POL"]
[SourceTitle "EXT 2005"]
[Source "ChessBase"]
[SourceDate "2004.11.15"]
[SourceVersion "1"]
[SourceVersionDate "2004.11.15"]
[SourceQuality "1"]

1. e4 c5 2. Nf3 d6 3. d4 cxd4 4. Qxd4 Nc6 5. Bb5 Bd7 6. Bxc6 Bxc6 7. Nc3 e5 8. Qd3 Be7 9. 0-0 Nf6 10. Bg5 0-0 11. Rad1 Kh8 12. Bxf6 gxf6 13. Nh4 Qc7 14. Nf5 Rad8 15. Nd5 Bxd5 16. Qxd5 Rd7 17. c4 Qc6 18. Qxc6 bxc6 19. Nxe7 Rxe7 20. Rxd6 Re6 21. Rfd1 Rfe8 22. Rd7 R8e7 23. Rxe7 Rxe7 24. Rd6 Kg7 25. Rxc6 Rd7 26. g3 Rd2 27. b4 Rxa2 28. Rc7 a6 29. c5 Rc2 30. Ra7 Ra2 31. c6 Ra4 32. b5 Ra1+ 33. Kg2 Rb1 34. c7 Rc1 35. b6 1-0

[Event "Podhale-ch 18th"]
[Site "Rabka Zdroj"]
[Date "2002.02.04"]
[Round "6"]
[White "Mikrut, Dariusz"]
[Black "Caba, Tomasz"]
[Result "1-0"]
[WhiteElo "2388"]
[BlackElo "2111"]
[PlyCount "47"]
[EventDate "2002.02.01"]
[EventType "swiss"]
[EventRounds "9"]
[EventCountry "POL"]
[SourceTitle "EXT 2005"]
[Source "ChessBase"]
[SourceDate "2004.11.15"]
[SourceVersion "1"]
[SourceVersionDate "2004.11.15"]
[SourceQuality "1"]

1. d4 d6 2. e4 g6 3. Nc3 Bg7 4. Be3 Nf6 5. f3 0-0 6. Qd2 e5 7. Nge2 exd4 8. Nxd4 d5 9. e5 Ne8 10. Bg5 Qd7 11. f4 f6 12. exf6 Nxf6 13. 0-0-0 c5 14. Nb3 d4 15. Bxf6 Bxf6 16. Ne4 Bg7 17. Nexc5 Qc7 18. g3 a5 19. a4 Nc6 20. Bc4+ Kh8 21. h4 Nb4 22. h5 b6 23. hxg6 h6 24. f5 1-0

[Event "Podhale-ch 18th"]
[Site "Rabka Zdroj"]
[Date "2002.02.04"]
[Round "7"]
[White "Pulik, Krzysztof"]
[Black "Caba, Tomasz"]
[Result "1-0"]
[WhiteElo "2146"]
[BlackElo "2111"]
[PlyCount "115"]
[EventDate "2002.02.01"]
[EventType "swiss"]
[EventRounds "9"]
[EventCountry "POL"]
[SourceTitle "EXT 2005"]
[Source "ChessBase"]
[SourceDate "2004.11.15"]
[SourceVersion "1"]
[SourceVersionDate "2004.11.15"]
[SourceQuality "1"]

1. e4 c5 2. c3 d5 3. exd5 Qxd5 4. d4 Nc6 5. Nf3 Bg4 6. Be2 cxd4 7. cxd4 e6 8. 0-0 Nf6 9. Nc3 Qa5 10. Qb3 Qb4 11. Qxb4 Bxb4 12. Be3 Rd8 13. Rfd1 0-0 14. Rac1 Nd5 15. Nxd5 Rxd5 16. h3 Bh5 17. g4 Bg6 18. Bc4 Rd6 19. a3 Ba5 20. d5 exd5 21. Bc5 Rf6 22. Bxd5 Re8 23. b4 Bb6 24. Bxb6 axb6 25. b5 Na5 26. Ne5 h5 27. g5 Rf5 28. f4 Rexe5 29. fxe5 Rxg5+ 30. Kf2 Rxe5 31. Rc8+ Kh7 32. Rc7 Rg5 33. Rd4 Kh6 34. a4 Rf5+ 35. Kg1 Rf6 36. Bxb7 Nb3 37. Rb4 Nc5 38. Bg2 Nd3 39. Rd4 Ne5 40. Rc8 Bf5 41. Rh8+ Kg6 42. Rhd8 Be6 43. R8d6 Nc4 44. Rxe6 Rxe6 45. Rxc4 Kf5 46. Rc6 g5 47. Kf2 Ke5 48. Bf3 h4 49. Ke3 f5 50. Rxe6+ Kxe6 51. Kd4 Kd6 52. Kc4 Ke6 53. a5 bxa5 54. b6 Kd7 55. Kb5 Kc8 56. Kxa5 Kb8 57. Ka6 Kc8 58. Ka7 1-0